000 00317nam a22001337a 4500
008 171019b xxu||||| |||| 00| 0 eng d
020 _a9780135548585
041 _aeng
080 _26TH
_a338
100 _a53
101 _aMEN
245 _aMANUFACTURING ORGANIZATION AND MANAGEMENT
_cAMRINE,H,T
942 _2udc
_cBK
999 _c35009
_d35009